| 000 -LEADER |
| fixed length control field |
00375cam a22001337a 4500 |
| 008 - FIXED-LENGTH DATA ELEMENTS--GENERAL INFORMATION |
| fixed length control field |
180718b1959 xxu||||| |||| 00| 0 eng d |
| 082 ## - DEWEY DECIMAL CLASSIFICATION NUMBER |
| Classification number |
B22 G157 |
| 100 ## - MAIN ENTRY--PERSONAL NAME |
| Personal name |
Ganshof, F.L. |
| 245 ## - TITLE STATEMENT |
| Title |
Feudelism |
| Statement of responsibility, etc. |
by F.L. Ganshof |
| 260 ## - PUBLICATION, DISTRIBUTION, ETC. |
| Place of publication, distribution, etc. |
London |
| Name of publisher, distributor, etc. |
Longmans |
| Date of publication, distribution, etc. |
1959 |
| 300 ## - PHYSICAL DESCRIPTION |
| Extent |
160p. |
| 500 ## - GENERAL NOTE |
| General note |
Tr. from the French of 2nd ed. 1947, English tr. first pub. 1952 |
| 650 ## - SUBJECT ADDED ENTRY--TOPICAL TERM |
| Topical term or geographic name entry element |
Feudelism |